LEADER 01033cam0 22002771 450 001 SOBE00045849 005 20201210104231.0 100 $a20150209d2009 |||||ita|0103 ba 101 $aita 102 $aIT 200 1 $a<>statistica e le statistiche$edal dato amministrativo al dato statistico$efonti e strumenti di analisi$fFabrizio Antolini, Francesco Truglia 210 $aMilano$cLED$d2009 215 $a190 p.$d24 cm 225 2 $aScienze Sociali$hManuali 410 1$1001SOBE00043798$12001 $a*Scienze Sociali. Manuali 700 1$aAntolini$b, Fabrizio$3SOBA00010806$4070$0187123 701 1$aTruglia, Francesco$3SOBA00010807$4070$0773614 801 0$aIT$bUNISOB$c20201210$gRICA 850 $aUNISOB 852 $aUNISOB$j310$m165471 912 $aSOBE00045849 940 $aM 102 Monografia moderna SBN 941 $aM 957 $a310$b000035$gSI$d165471$n20150206$racquisto$tV$1menle$2UNISOB$3UNISOB$420150209152302.0$520201210104231.0$6Spinosa 996 $aStatistica e le statistiche$91710511 997 $aUNISOB LEADER 01461cam0 22003011 450 001 SOBE00070846 005 20240926101536.0 010 $a9788815134554 100 $a20220408d2010 |||||ita|0103 ba 101 $aita 102 $aIT 200 1 $a<>Europa delle donne$ela politica di pari opportunitą nella storia dell'integrazione europea (1957-2007)$fFederica Di Sarcina 210 $aBologna$cIl mulino$d2010 215 $a357 p.$d22 cm 225 2 $aFonti e studi sul federalismo e sull'integrazione europea$hRicerche di storia 225 2 $aCollana del Centro interdipartimentale di ricerca sull'integrazione europea$fUniversitą degli studi di Siena 410 1$1001SOBE00070762$12001 $a*Fonti e studi sul federalismo e sull'integrazione europea. Ricerche di storia 410 1$1001SOBE00070848$12001 $a*Collana del Centro interdipartimentale di ricerca sull'integrazione europea / Universitą degli studi di Siena 700 1$aDi Sarcina$b, Federica$3SOBA00023282$4070$0510333 801 0$aIT$bUNISOB$c20240926$gRICA 850 $aUNISOB 852 $aUNISOB$jFondo|Craveri$m173402 912 $aSOBE00070846 940 $aM 102 Monografia moderna SBN 941 $aM 957 $aFondo|Craveri$b001436$gSI$d173402$n20201102$hCraveri$rDono$1rovito$2UNISOB$3UNISOB$420220408085613.0$520240926101515.0$6menle$fPer le modalitą di consultazione vedi home page Biblioteca link Fondi 996 $aEuropa delle donne$9766077 997 $aUNISOB